[Event "Werther Schloss op-C 12th"]
[Site "Werther"]
[Date "2006.04.07"]
[Round "1"]
[White "Taubert, Tobias"]
[Black "Vitkowski, Dennis"]
[Result "1-0"]
[WhiteElo "1527"]
[BlackElo "1671"]
[PlyCount "77"]
[EventDate "2006.04.07"]
[EventType "swiss"]
[EventRounds "5"]
[EventCountry "GER"]
[SourceTitle "EXT 2008"]
[Source "ChessBase"]
[SourceDate "2007.11.25"]
[SourceVersion "1"]
[SourceVersionDate "2007.11.25"]
[SourceQuality "1"]

1. d4 Nf6 2. Nf3 g6 3. Bf4 Bg7 4. e3 0-0 5. Bd3 d6 6. 0-0 c5 7. c3 cxd4 8. cxd4 Nc6 9. Nbd2 Bd7 10. a3 Rc8 11. Rc1 Re8 12. Ne4 Nh5 13. Bg5 Qa5 14. Qb3 h6 15. Bh4 Rc7 16. Bc4 Nd8 17. Rc3 Bf5 18. Ng3 Nxg3 19. Bxg3 Be6 20. Rfc1 Rxc4 21. Rxc4 Qa6 22. Qa4 Qxa4 23. Rxa4 Nc6 24. Rxc6 bxc6 25. Rxa7 Bf6 26. Nd2 Rb8 27. b4 Bd5 28. Kf1 Rb5 29. Rc7 Rb6 30. Ra7 c5 31. dxc5 dxc5 32. Ra5 Bc3 33. Rxc5 Bxg2+ 34. Kxg2 Bxd2 35. Rd5 Bc1 36. Ra5 Bb2 37. b5 f6 38. Bc7 Rb7 39. b6 1-0